| 000 | 00527 a2200157 4500 | ||
|---|---|---|---|
| 005 | 20260330110804.0 | ||
| 008 | 260116b |||||||| |||| 00| 0 eng d | ||
| 020 | _a9788190970037 | ||
| 080 |
_a791.632=M _bSIJ/P |
||
| 100 | _aSiju,K. J. | ||
| 245 | _aPenmanasukalude peruvazhiyambalam(പെൺമനസ്സുകളുടെ പെരുവഴിയമ്പലം) | ||
| 260 |
_bParidhi publications. _aThiruvananthapuram. _c2010. |
||
| 300 | _a72p. | ||
| 653 | _aStudy-Padmarajan-Malayalam film industry | ||
| 942 | _cOO | ||
| 999 |
_c114664 _d114663 |
||